[Event "4th NAO GM"]
[Site "Paris FRA"]
[Date "2004.12.21"]
[Round "7"]
[White "Dunis,A"]
[Black "Inkiov,V"]
[Result "1-0"]
[WhiteElo "2461"]
[BlackElo "2496"]

1.d4 Nf6 2.c4 e6 3.Nf3 Bb4+ 4.Bd2 Qe7 5.g3 O-O 6.Bg2 Bxd2+ 7.Qxd2 d6 8.Nc3 e5
9.O-O Re8 10.e4 c5 11.d5 Nh5 12.Qg5 Qxg5 13.Nxg5 a6 14.a3 Nd7 15.Rfb1 g6
16.b4 h6 17.Nf3 Rf8 18.Bh3 Nhf6 19.Nd2 Rd8 20.f3 b6 21.bxc5 bxc5 22.Ra2 Ne8
23.Rab2 Ra7 24.Kf2 Kf8 25.Na4 h5 26.Ke3 Ke7 27.Kd3 Nef6 28.Nb3 a5 29.Nd2 h4
30.Bxd7 Nxd7 31.g4 Rf8 32.Nf1 Ba6 33.Ne3 Nf6 34.Nc3 Nd7 35.Ng2 Rh8 36.Na4 h3
37.Ne3 Rf8 38.Nc3 Raa8 39.Ke2 Kd8 40.Nb5 Bxb5 41.Rxb5 Kc8 42.Kf2 Ra7 43.Kg3 Rh8
44.R5b2 Kc7 45.Nd1 Kc8 46.Nf2 f5 47.Nxh3 fxe4 48.fxe4 Rf8 49.Ng5 Rf4 50.Rf2 Rxf2
51.Kxf2 Kd8 52.Kg3 Ke7 53.h4 Nf6 54.a4 Kd7 55.Rb8 Ke7 56.Rb5 Kd7 57.Kf3 Ke7
58.Ne6 Kf7 59.Nd8+ Kg8 60.Rb8 Kg7 61.Rb7+ Rxb7 62.Nxb7 Nd7 63.Nxa5 Nb6 64.Nb7 Nxa4
65.Nxd6 Nb6 66.g5 Kf8 67.Nb7 Nxc4 68.Nxc5 Ke7 69.Nd3 Kd6 70.Nf2 Nd2+ 71.Kg4 Ke7
72.h5 Kf7 73.h6 Nc4 74.Kf3 Kg8 75.Ng4 Kh8 76.Ke2 Nd6 77.Nf2 Nf7 78.Nh3 Kh7
79.Kd3 Nd6 80.Ng1  1-0

[Event "Russian Blitz Internet Cup Superfinal"]
[Site "chessassistantclub.com INT"]
[Date "2004.12.28"]
[Round "11"]
[White "Shipov,S"]
[Black "Vlassov,N"]
[Result "0-1"]
[WhiteElo "2588"]
[BlackElo "2492"]

1.d4 Nf6 2.c4 e6 3.Nf3 Bb4+ 4.Bd2 Qe7 5.g3 Bxd2+ 6.Qxd2 Ne4 7.Qc2 Qb4+ 8.Nbd2 Nxd2
9.Nxd2 Nc6 10.e3 a5 11.Bg2 d6 12.a3 Qb6 13.O-O O-O 14.c5 dxc5 15.dxc5 Qa6
16.Rfd1 e5 17.Nc4 Re8 18.Qc3 Bg4 19.Rd2 e4 20.h3 Bh5 21.Rd5 Bg6 22.Bf1 Qa7
23.Rad1 h6 24.Ne5 Nxe5 25.Rxe5 c6 26.Rd7 Red8 27.Ree7 Rxd7 28.Rxd7 Bf5 29.Rd6 Re8
30.Qd4 Qb8 31.g4 Bg6 32.Bc4 Kh7 33.b4 axb4 34.axb4 Re7 35.Rd8 Qc7 36.Qd6 h5
37.Kh2 hxg4 38.hxg4 Kh6 39.Kg3 Kg5 40.Qf4+ Qxf4+ 41.exf4+ Kf6 42.f5 Bh7 43.Rh8 Bxf5
44.gxf5 Kxf5 45.Rf8 f6 46.Rd8 Ke5 47.Be2 f5 48.Kh4 Kf4 49.Kh5 g5 50.Kg6 Re6+
51.Kf7 Rh6 52.Rf8 e3 53.fxe3+ Kxe3 54.Re8+ Kf2 55.Re7 g4 56.Bd3 Rh7+ 57.Ke6 Rxe7+
58.Kxe7 g3 59.Bxf5 g2 60.Bc8 g1=Q 61.Kd6 Qg3+ 62.Kd7 Qg4+ 63.Kc7 Qxb4 64.Bxb7 Qxc5
65.Bxc6 Ke3 66.Kd7 Kd4 67.Bb7 Ke5 68.Ba8 Qb6 69.Bc6 Qa7+ 70.Kd8 Kd6 71.Bb7 Qxb7  0-1

[Event "Czech Christmas"]
[Site "Litomysl CZE"]
[Date "2004.12.29"]
[Round "5"]
[White "Jedlicka,A"]
[Black "Herbold,M"]
[Result "0-1"]
[WhiteElo "2266"]
[BlackElo "2140"]

1.d4 e6 2.c4 Nf6 3.Nf3 Bb4+ 4.Bd2 Qe7 5.g3 Nc6 6.Bg2 Bxd2+ 7.Nbxd2 d6 8.O-O a5
9.e4 e5 10.d5 Nb8 11.Ne1 O-O 12.Nd3 Bg4 13.f3 Bd7 14.Qb3 Na6 15.Rae1 a4 16.Qc3 Nc5
17.Nxc5 dxc5 18.f4 Rfe8 19.h3 b5 20.cxb5 Bxb5 21.Rf2 Nd7 22.Rc1 Qd6 23.Bf1 Bxf1
24.Rfxf1 exf4 25.Rxf4 f6 26.Nc4 Qa6 27.Rc2 Rab8 28.Qd3 Rb4 29.Rf3 Reb8 30.d6 c6
31.e5 Rxc4 32.exf6 Ne5 33.f7+ Kf8 34.Qxh7 Nxf3+ 35.Kh1 Kxf7 36.Qf5+ Kg8 37.Qe6+ Kh8
38.Rxc4 Qxc4 39.Qxc4 Rxb2  0-1

[Event "Open A"]
[Site "Bethune FRA"]
[Date "2004.12.30"]
[Round "7"]
[White "Tupet,G"]
[Black "Maes,T"]
[Result "1/2-1/2"]
[WhiteElo "2030"]
[BlackElo "2229"]

1.d4 Nf6 2.Nf3 e6 3.c4 Bb4+ 4.Bd2 Qe7 5.g3 b6 6.Bg2 Bb7 7.O-O Bxd2 8.Qxd2 O-O
9.Nc3 d6 10.Rfd1 Nbd7 11.e3 Ne4 12.Qc2 f5 13.Nd2 Nxd2 14.Rxd2 Bxg2 15.Kxg2 Qf7
16.Re1 e5 17.dxe5 Nxe5 18.b3 Rae8 19.Nd5 Re6 20.e4 Rh6 21.f4 Qh5 22.fxe5 Qxh2+
23.Kf3 fxe4+ 24.Kxe4 Qxg3 25.Re3 Qh4+ 26.Kd3 c6 27.Nc3 dxe5 28.Ne4 Qf4 29.Rf2 Rd8+
30.Ke2 Qg4+ 31.Ref3 Rd4 32.Ke3 Rh3 33.Rxh3 Qxh3+ 34.Rf3 Qh6+ 35.Ke2 Qg6 36.Re3 Qg4+
37.Kf2 Qf4+ 38.Ke2 Qg4+  1/2-1/2

[Event "13th Donau Open"]
[Site "Aschach AUT"]
[Date "2004.12.31"]
[Round "7"]
[White "Shengelia,D"]
[Black "Petkov,V"]
[Result "0-1"]
[WhiteElo "2482"]
[BlackElo "2413"]

1.d4 Nf6 2.Nf3 e6 3.c4 Bb4+ 4.Bd2 c5 5.Bxb4 cxb4 6.g3 O-O 7.Bg2 Nc6 8.O-O d6
9.Nbd2 a5 10.d5 exd5 11.cxd5 Ne7 12.e4 Ng6 13.Re1 Re8 14.Rc1 Bd7 15.Nd4 Ne5
16.Nc4 Nxc4 17.Rxc4 Qb6 18.h3 Re7 19.g4 Rae8 20.Re3 Bb5 21.Rc2 g6 22.Nxb5 Qxb5
23.Qd4 Nd7 24.h4 h6 25.Kh2 Ne5 26.f3 g5 27.Kg3 Rd8 28.Rc1 Ree8 29.Bf1 Qd7
30.hxg5 hxg5 31.Qb6 Qe7 32.Bb5 Rf8 33.Ree1 Kg7 34.Qe3 Rh8 35.Rh1 Qf6 36.f4 Ng6
37.f5 Nf4 38.b3 Qe5 39.Kf3 Rc8 40.Bc4 b5 41.Rxh8 Rxh8 42.Bf1 Rh2 43.Rd1 Ne2  0-1

[Event "34th Rilton Cup"]
[Site "Stockholm SWE"]
[Date "2004.12.31"]
[Round "5"]
[White "Horbing,S"]
[Black "Styf,J"]
[Result "1/2-1/2"]
[WhiteElo "2031"]
[BlackElo "2087"]

1.d4 Nf6 2.Nf3 e6 3.c4 Bb4+ 4.Bd2 Qe7 5.e3 b6 6.Bd3 Bb7 7.a3 Bxd2+ 8.Nbxd2 d6
9.Qc2 Nbd7 10.b4 e5 11.d5 c6 12.e4 O-O 13.O-O Rfc8 14.Qb2 Nh5 15.g3 Ndf6
16.Rfc1 c5 17.Bf1 Rc7 18.Qc2 Bc8 19.Nb3 Bg4 20.Ne1 h6 21.Rcb1 Nh7 22.bxc5 dxc5
23.a4 Ng5 24.Nd2 Rf8 25.a5 Rb7 26.axb6 axb6 27.Rb3 Nh3+ 28.Bxh3 Bxh3 29.Rab1 Qd6
30.Qb2 Rfb8 31.Nd3 f6 32.Rb5 Bc8 33.Nf1 g6 34.Ne3 Qc7 35.Qc3 Bd7 36.R5b2 Re8
37.Qa3 Ra7 38.Qc3 Ra6 39.Qd2 f5 40.exf5 gxf5 41.Ng2 Qd6 42.f4 exf4 43.Ndxf4 Nf6
44.Nd3 Ne4 45.Qf4 Qf6 46.Qc7 Qd4+ 47.Kh1 Qxd3 48.Qxd7 Nf2+ 49.Kg1 Nh3+ 50.Kh1  1/2-1/2

[Event "Czech Christmas"]
[Site "Litomysl CZE"]
[Date "2005.01.02"]
[Round "9"]
[White "Plachetka,J"]
[Black "Stocek,J"]
[Result "1/2-1/2"]
[WhiteElo "2435"]
[BlackElo "2569"]

1.d4 Nf6 2.Nf3 e6 3.c4 Bb4+ 4.Bd2 a5 5.g3 d6 6.Bg2 Nbd7 7.O-O e5 8.e3 c6
9.Nc3 e4 10.Ng5 d5 11.cxd5 cxd5 12.Rc1 O-O 13.Nb5 Ne8 14.Nh3 Ndf6 15.Bxb4 axb4
16.Qb3 Qa5 17.a4 Bxh3 18.Bxh3 Qxa4 19.Qxa4 Rxa4 20.Ra1 Ra6 21.Rfc1 h5 22.Bc8 Rxa1
23.Rxa1 Nc7 24.Na7 Nce8 25.Bxb7 Nd6 26.Bc6 Nc4 27.b3 Nd2 28.Ra5 Nxb3 29.Rb5 Nd2
30.Rxb4 h4 31.Kg2 g6 32.gxh4 Kg7 33.Rb5 Rd8 34.Rc5 Nf3 35.Kg3 Nh5+ 36.Kg2 Nf6
37.Kg3 Rh8 38.Bxd5 Rxh4 39.h3 g5 40.Bb7 g4 41.Rg5+ Nxg5 42.Kxh4 gxh3 43.Kg3 Ng4
44.Bc8 h2 45.Kg2 Nxf2 46.Kxh2 Nd1 47.Kg3 Kf6 48.Kf4 Nc3 49.Bb7 Ne6+ 50.Kg4 Kg6
51.Nc6 f5+ 52.Kg3 Kf6 53.Nb4 Nd1 54.Nd5+ Kg5 55.Bc8 Ng7 56.Kg2 Nh5 57.Kf1 Nf6  1/2-1/2

[Event "Smartfish Masters"]
[Site "Drammen NOR"]
[Date "2005.01.03"]
[Round "7"]
[White "Johannessen,LE"]
[Black "Macieja,B"]
[Result "1/2-1/2"]
[WhiteElo "2519"]
[BlackElo "2613"]

1.d4 Nf6 2.c4 e6 3.Nf3 Bb4+ 4.Bd2 Qe7 5.g3 Nc6 6.Nc3 Bxc3 7.Bxc3 Ne4 8.Rc1 O-O
9.Bg2 d6 10.d5 Nd8 11.Nd2 Nxc3 12.Rxc3 e5 13.O-O f5 14.c5 dxc5 15.Qc2 e4
16.f3 exf3 17.Bxf3 c6 18.Rxc5 Bd7 19.e4 f4 20.Bg2 fxg3 21.Rxf8+ Kxf8 22.hxg3 Nf7
23.Nf3 cxd5 24.exd5 Qe3+ 25.Qf2 Qxf2+ 26.Kxf2 Rc8 27.b4 Ke7 28.Ke3 Kd6 29.Rxc8 Bxc8
30.Nd2 Ke7 31.Kd4 Nd6 32.Ke5 Nf7+ 33.Kd4 Nd6 34.Ke5 Nf7+ 35.Ke4  1/2-1/2

[Event "34th Rilton Cup"]
[Site "Stockholm SWE"]
[Date "2005.01.03"]
[Round "7"]
[White "Hammar,U"]
[Black "Hagberg,M"]
[Result "1/2-1/2"]
[WhiteElo "2119"]
[BlackElo "2203"]

1.d4 Nf6 2.c4 e6 3.Nf3 Bb4+ 4.Bd2 Qe7 5.g3 b6 6.Bg2 Bb7 7.O-O Bxd2 8.Nbxd2 d6
9.Qc2 Nbd7 10.e4 e5 11.d5 a5 12.b3 O-O 13.a3 g6 14.Nb1 Nh5 15.Nc3 f5 16.Nb5 fxe4
17.Nd2 Ndf6 18.Nxe4 Bc8 19.Nbc3 Nxe4 20.Nxe4 Ng7 21.Nc3 Nf5 22.Ne2 Bd7 23.b4 Qf6
24.Qc3 g5 25.Qd2 axb4 26.axb4 Nh6 27.Nc3 Rxa1 28.Rxa1 e4 29.Re1 e3 30.fxe3 Ng4
31.Rf1 Qh6 32.Rxf8+ Kxf8 33.Bf1 Ke7 34.Nb5 Ne5 35.Qf2 g4 36.Be2 Qg6 37.Kg2 Qe4+
38.Kg1 Bxb5 39.cxb5 Qb1+ 40.Kg2 Qxb4 41.Qf5 Qd2  1/2-1/2

[Event "XI Open A"]
[Site "Bosnjaci CRO"]
[Date "2005.01.05"]
[Round "4"]
[White "Jovanic,O"]
[Black "Sulc,D"]
[Result "1-0"]
[WhiteElo "2475"]
[BlackElo "2283"]

1.d4 Nf6 2.Nf3 e6 3.c4 Bb4+ 4.Bd2 Qe7 5.g3 Nc6 6.Nc3 O-O 7.Bg2 d6 8.O-O Bxc3
9.Bxc3 Ne4 10.Be1 f5 11.Qc2 Bd7 12.d5 Nd8 13.Rd1 c5 14.dxc6 Nxc6 15.Nd2 Nf6
16.Nb3 Rac8 17.Bc3 Rfd8 18.Qd2 Be8 19.Qf4 Bg6 20.Nd2 e5 21.Qh4 Bf7 22.Bh3 Be6
23.e4 fxe4 24.Bxe6+ Qxe6 25.Nxe4 Ne7 26.b3 d5 27.Nxf6+ gxf6 28.cxd5 Nxd5
29.Ba1 Qf5 30.Rd2 Qf3 31.Re1 Ne3 32.Rxd8+ Rxd8 33.fxe3 Rd2 34.Qc4+ Kg7 35.Qf1 Qh5
36.h3 Qg6 37.Qf3 Qc2 38.Rf1  1-0

[Event "Michael Franett Mem"]
[Site "San Francisco USA"]
[Date "2005.01.05"]
[Round "4"]
[White "Baginskaite,C"]
[Black "Stein,Alex"]
[Result "1-0"]
[WhiteElo "2336"]
[BlackElo "2362"]

1.d4 Nf6 2.c4 e6 3.Nf3 Bb4+ 4.Bd2 a5 5.g3 d5 6.Qc2 Nc6 7.Bg2 dxc4 8.Qxc4 Qd5
9.Qd3 O-O 10.O-O Qh5 11.Bg5 Be7 12.Nc3 Rd8 13.Qb5 a4 14.Bf4 Qxb5 15.Nxb5 Ra5
16.Na3 Nd5 17.Bd2 Ndb4 18.Rfd1 f6 19.Bc3 b6 20.e4 Ba6 21.Ne1 e5 22.d5 Nd4
23.Bxd4 exd4 24.Rxd4 Nc6 25.Rdd1 Ne5 26.Nac2 Be2 27.Rdc1 c5 28.f4 Nc4 29.Kf2 Bh5
30.Nd4 cxd4 31.Rxc4 f5 32.e5 Rdxd5 33.Bxd5+ Rxd5 34.Rc8+ Kf7 35.Nd3 Ke6 36.Rac1 Rd7
37.R1c7 Rxc7 38.Rxc7 Be8 39.Rb7 b5 40.Ke2 h6 41.a3 g5 42.Rb6+ Kd5 43.Rxh6 gxf4
44.gxf4 Ke4 45.Re6 Bh5+ 46.Kd2 Bd8 47.Rd6 Ba5+ 48.Kc2 Be2 49.Nc5+ Kxf4 50.e6 Bh5
51.e7 Ke5 52.Rd8  1-0

[Event "XI Open A"]
[Site "Bosnjaci CRO"]
[Date "2005.01.08"]
[Round "8"]
[White "Sertic,Ru"]
[Black "Sulc,D"]
[Result "0-1"]
[WhiteElo "2337"]
[BlackElo "2283"]

1.d4 Nf6 2.c4 e6 3.Nf3 Bb4+ 4.Bd2 Qe7 5.g3 Nc6 6.Bg2 Bxd2+ 7.Nbxd2 O-O 8.O-O d6
9.e4 e5 10.d5 Nb8 11.Ne1 c6 12.b4 a5 13.bxa5 Rxa5 14.a4 Ra8 15.Nd3 Na6 16.Qc2 Bd7
17.Qb2 Rab8 18.a5 h6 19.Rfb1 Ne8 20.Qa3 c5 21.Rb6 Bc8 22.Qc3 Ra8 23.f4 f6
24.f5 g5 25.fxg6 Qg7 26.Nf3 Qxg6 27.Re1 Rf7 28.Kh1 Qh5 29.Nh4 f5 30.exf5 Bxf5
31.Nxf5 Qxf5 32.Qd2 Qh5 33.Kg1 Kg7 34.Qb2 Qg4 35.Nf4 Nb4 36.h3 Qd7 37.Rxe5 dxe5
38.Qxe5+ Kg8 39.Rxh6 Ng7  0-1

[Event "Keres Mem Rapid w"]
[Site "Tallinn EST"]
[Date "2005.01.09"]
[Round "7"]
[White "Golubenko,Valen"]
[Black "Ciuksyte,D"]
[Result "1/2-1/2"]
[WhiteElo "2158"]
[BlackElo "2361"]

1.d4 Nf6 2.c4 e6 3.Nf3 Bb4+ 4.Bd2 a5 5.g3 d6 6.Bg2 Nbd7 7.O-O e5 8.Nc3 exd4
9.Nxd4 O-O 10.e4 Re8 11.Qc2 Ne5 12.b3 Bc5 13.Nde2 Bg4 14.Kh1 Bf3 15.Bg5 c6
16.Nf4 h6 17.Bxf6 Qxf6 18.Bxf3 Nxf3 19.Kg2 Nh4+ 20.Kh1 Bd4 21.Rac1 g5 22.Nce2 gxf4
23.gxh4 Be5 24.Rg1+ Kh8 25.Rg4 Rg8 26.Rcg1 f3 27.Nc1 Qe6 28.Rxg8+ Rxg8 29.Rxg8+ Kxg8
30.Qd1 Qh3 31.Qg1+ Kf8 32.Nd3 Bxh2 33.Qxh2 Qf1+ 34.Qg1 Qxd3 35.Qg4 Qf1+ 36.Qg1 Qd3
37.Qg4 h5 38.Qg3 Qf1+ 39.Kh2 Ke7 40.Qxf3 Qb1 41.Qe2 Qc1 42.Qxh5 Qf4+ 43.Kh3 Qxf2
44.Qg5+ Ke8 45.Qg8+ Ke7 46.Qg5+ Ke8 47.Qg8+  1/2-1/2

[Event "Extraliga CZE 2004-5"]
[Site "Czech Rep CZE"]
[Date "2005.01.15"]
[Round "5"]
[White "Babula,V"]
[Black "Haba,P"]
[Result "1-0"]
[WhiteElo "2566"]
[BlackElo "2525"]

1.d4 Nf6 2.c4 e6 3.Nf3 Bb4+ 4.Bd2 Qe7 5.g3 Nc6 6.Nc3 Bxc3 7.Bxc3 Ne4 8.Rc1 O-O
9.Bg2 d6 10.d5 Nd8 11.O-O Bd7 12.Nd4 Nxc3 13.Rxc3 e5 14.Re3 Rb8 15.f4 c5
16.dxc6 bxc6 17.Qd2 c5 18.Nb3 Bc6 19.fxe5 Bxg2 20.Kxg2 dxe5 21.Qd5 Ne6 22.Rxe5 Rfd8
23.Qf3 f6 24.Re4 Qd6 25.h4 a5 26.Qe3 Nd4 27.Rff4 Nxb3 28.axb3 Qc6 29.Kf2 Re8
30.Rxe8+ Rxe8 31.Qf3 Qxf3+ 32.Rxf3 Kf7 33.Rf5 Rc8 34.Rd5 Ke6 35.g4 g6 36.e4 Rb8
37.Rxc5 Rxb3 38.Rb5 Rh3 39.Rxa5 Rh2+ 40.Ke3 Rxb2 41.g5 fxg5 42.hxg5 Kd6 43.Rd5+ Kc6
44.Kd4 Rg2 45.Rc5+ Kd6 46.Rd5+ Kc6 47.Ra5 Rg1 48.Ra6+ Kb7 49.Rf6 Rxg5 50.e5 h5
51.Kd5 h4 52.Rf7+ Kc8 53.Rh7 Rg4 54.e6 Kd8 55.c5 g5 56.c6 Rg1 57.Rh8+  1-0

[Event "Tch-FIN 2004-5"]
[Site "Finland FIN"]
[Date "2005.01.15"]
[Round "6"]
[White "Topi Hulmi,T"]
[Black "Koskinen,Hen"]
[Result "1-0"]
[WhiteElo "2191"]
[BlackElo "2260"]

1.d4 Nf6 2.Nf3 e6 3.c4 Bb4+ 4.Bd2 a5 5.Qc2 d5 6.e3 O-O 7.Bd3 Nc6 8.a3 dxc4
9.Bxc4 Bxd2+ 10.Nbxd2 Qe7 11.O-O Rd8 12.Rfd1 Bd7 13.Rac1 Rac8 14.Nb3 Be8
15.Bb5 Rd5 16.Bc4 Rh5 17.Be2 Nd5 18.Ne5 Rg5 19.h4 Rxe5 20.dxe5 Qxh4 21.Nc5 b6
22.Qe4 Qg5 23.Nd3 Nce7 24.Qg4 Qxg4 25.Bxg4 Ng6 26.g3 Bb5 27.Nf4 Ndxf4 28.gxf4 Ba4
29.Rd4 Bb3 30.Bf3 c5 31.Rd6 b5 32.Bc6  1-0

[Event "It"]
[Site "Montreal CAN"]
[Date "2005.01.19"]
[Round "6"]
[White "Fedorowicz,J"]
[Black "Perelshteyn,E"]
[Result "1/2-1/2"]
[WhiteElo "2507"]
[BlackElo "2505"]

1.d4 Nf6 2.c4 e6 3.Nf3 Bb4+ 4.Bd2 Qe7 5.g3 Nc6 6.Bg2 Bxd2+ 7.Nbxd2 O-O 8.O-O d6
9.e4 e5 10.d5 Nb8 11.Ne1 a5 12.Nd3 Na6 13.b3  1/2-1/2

[Event "Zimski Winter Open"]
[Site "Belgrade SCG"]
[Date "2005.01.26"]
[Round "4"]
[White "Pantovic,D"]
[Black "Lundin,J"]
[Result "1/2-1/2"]
[WhiteElo "2131"]
[BlackElo "2274"]

1.d4 Nf6 2.c4 e6 3.Nf3 Bb4+ 4.Bd2 c5 5.Bxb4 cxb4 6.Nbd2 O-O 7.e4 d6 8.Bd3 Nc6
9.O-O e5 10.d5 Ne7 11.c5 Bg4 12.cxd6 Nc8 13.Qa4 Bxf3 14.Nxf3 Qxd6 15.Rfc1 Nb6
16.Qd1 Rac8 17.Rxc8 Rxc8 18.Rc1 Rxc1 19.Qxc1 Nfd7 20.Nd2 Qc5 21.Qc2 Qxc2
22.Bxc2 Kf8 23.Kf1 Ke7 24.Ke2 Kd6 25.b3 Kc5 26.Ke3 f6 27.Bd1 Kd6 28.Bg4 Nc5
29.g3 a5 30.Bd1 Na6 31.f4 Nc7 32.fxe5+ fxe5 33.Be2 Ne8  1/2-1/2

[Event "Open"]
[Site "Geneva SUI"]
[Date "2005.01.28"]
[Round "7"]
[White "Jagstaidt,P"]
[Black "Daverio,E"]
[Result "1/2-1/2"]
[WhiteElo "2083"]
[BlackElo "2101"]

1.d4 Nf6 2.c4 e6 3.Nf3 Bb4+ 4.Bd2 Qe7 5.g3 O-O 6.Bg2 a5 7.O-O Bxd2 8.Qxd2 d6
9.Nc3 Nbd7 10.e4 e5 11.Nd5 Nxd5 12.cxd5 b6 13.Rfe1 Ba6 14.Rac1 exd4 15.Rxc7 Qd8
16.Rcc1 Nc5 17.Bf1 d3 18.Nd4 Qf6 19.Nc6 Rfe8 20.Bg2 Bb7 21.e5 dxe5 22.Nxa5 Ba6
23.b4 Nd7 24.Nc6 Qd6 25.Rb1 Bb5 26.Qb2 Bc4 27.Qc3 Bxd5 28.Qxd3 e4 29.Rxe4 Qxc6
30.Qxd5 Qxd5 31.Rxe8+ Rxe8 32.Bxd5 Nf6 33.Bf3 Rc8 34.a4 g6 35.a5 bxa5 36.bxa5 Rc3
37.a6 Rxf3 38.a7 Ra3 39.Rb8+ Kg7 40.a8=Q Rxa8 41.Rxa8 h5 42.f3 Nd7 43.Kf2 Ne5
44.Ke3 Nc4+ 45.Kd3 Nd6 46.Kd4 Nf5+ 47.Ke5 f6+ 48.Kd5 g5 49.Ra3 Kg6 50.g4 hxg4
51.fxg4 Nh4 52.Ke4 Ng2 53.Rf3 Nh4 54.Rf2 Kf7 55.Ra2 Kg6 56.Rf2 Kf7 57.Kd5 Ng6
58.Kd6 Ne5 59.Rg2 Nc4+ 60.Kd7 Ne5+ 61.Kd6 Nc4+ 62.Kc6 Ne5+ 63.Kd5 Ng6 64.Rb2 Ne5
65.h3 Nd3 66.Rb3 Nf4+ 67.Kd6 Kg6 68.Ke7 Nd5+ 69.Kf8 Nf4 70.Kg8 Ne6 71.Rb6 Nf4
72.Rb7 Nxh3 73.Rg7+ Kh6 74.Rh7+ Kg6 75.Rxh3 f5 76.gxf5+ Kxf5 77.Rf3+ Ke4
78.Ra3 g4 79.Kg7 Kf4 80.Kg6 g3 81.Kh5 g2 82.Ra1 Kg3 83.Kg5 Kh2 84.Kf4 g1=Q
85.Rxg1 Kxg1  1/2-1/2

[Event "10th HIT Open A"]
[Site "Nova Gorica SLO"]
[Date "2005.01.29"]
[Round "2"]
[White "Azmaiparashvili,Z"]
[Black "Pavlovic,Mi"]
[Result "1-0"]
[WhiteElo "2662"]
[BlackElo "2485"]

1.d4 Nf6 2.c4 e6 3.Nf3 Bb4+ 4.Bd2 a5 5.g3 b6 6.Bg2 Bb7 7.O-O O-O 8.Qc2 d5
9.Bf4 dxc4 10.Qxc4 Na6 11.Rd1 Qd5 12.Qc1 Qc6 13.Nc3 Bxc3 14.bxc3 Qa4 15.c4 Rac8
16.Bg5 Nd7 17.Rd3 Nb4 18.Ra3 Qc2 19.Be7 Rfe8 20.Bxb4 Qxc1+ 21.Rxc1 axb4 22.Ra7 Be4
23.c5 bxc5 24.dxc5 Red8 25.Rc4 Bd5 26.Rxb4 Nxc5 27.Ne5 Kf8 28.Ra5 Bxg2 29.Kxg2 Nd7
30.Nc6 Re8 31.Rb7 Nf6 32.Kf3 Nd5 33.e4 Ne7 34.Na7 Ra8 35.Rxc7 Reb8 36.a4 h6
37.Rb5 g5 38.Kg4 Ng6 39.f4 gxf4 40.gxf4 Kg7 41.f5 Nf8 42.h4 Kg8 43.f6 Rxb5
44.axb5 Rb8 45.h5 e5 46.Rc8  1-0

[Event "It"]
[Site "Chernigov UKR"]
[Date "2005.01.30"]
[Round "11"]
[White "Sushchev,A"]
[Black "Fiodorov,M"]
[Result "1-0"]
[WhiteElo "2320"]
[BlackElo "2185"]

1.d4 Nf6 2.c4 e6 3.Nf3 Bb4+ 4.Bd2 Qe7 5.g3 O-O 6.Bg2 Bxd2+ 7.Qxd2 d5 8.O-O dxc4
9.Na3 c5 10.dxc5 Qxc5 11.Rac1 Nc6 12.Nxc4 Qe7 13.Nfe5 Nxe5 14.Nxe5 Rd8 15.Qc2 Nd5
16.Rfd1 f6 17.Nc4 Bd7 18.Na5 Rac8 19.Qb3 b6 20.e4 Nb4 21.Rxc8 Rxc8 22.Nb7 Na6
23.Nd6 Rc7 24.f4 Nc5 25.Qc4 Bc6 26.Nf5 Qe8 27.Nd4 Bd7 28.b4 b5 29.Qc3 Na6
30.Qb3 Qf7 31.Bh3 Rc4 32.Nxb5 Rc6 33.Nxa7 Rb6 34.b5 Nc7 35.a4 Rb7 36.b6  1-0

[Event "Open"]
[Site "Geneva SUI"]
[Date "2005.01.30"]
[Round "9"]
[White "Nabavi,P"]
[Black "Buehler,Bea"]
[Result "1/2-1/2"]
[WhiteElo "2177"]
[BlackElo "2227"]

1.d4 Nf6 2.c4 e6 3.Nf3 Bb4+ 4.Bd2 Qe7 5.g3 b6 6.Bg2 Bb7 7.O-O Bxd2 8.Nbxd2 O-O
9.Qc2 d6 10.e4 e5 11.Rfe1 Nbd7 12.Rad1 c5 13.dxe5 dxe5 14.Nb1 Nb8 15.Nc3 Nc6
16.Nd5 Qd8 17.Qc1 Re8 18.a3 Nd4 19.Nxd4 exd4 20.b4 Nd7 21.f4 Rc8 22.Qd2 Nf8
23.Rb1 Bc6 24.a4 Ng6 25.a5 Ne7 26.b5 Bd7 27.Nxe7+ Rxe7 28.Ra1 Be6 29.Bf1 f6
30.Ra3 Qe8 31.Kf2 Bf7 32.Bd3 Qd7 33.Kg2 Rce8 34.Qe2 Bg6 35.Qf3 Bf5 36.a6 Qc8
37.Kf2 Qa8 38.e5 Bxd3 39.Rxd3 Qxf3+ 40.Rxf3 fxe5 41.fxe5 Rxe5 42.Rxe5 Rxe5
43.g4 Re6 44.g5 h6 45.Rf5 hxg5 46.Rxg5 Kf7 47.h4 Rd6 48.Ke2 d3+ 49.Kd2 Rd4
50.h5 Rxc4 51.Kxd3 Rb4 52.Rd5 Ke6 53.Rg5 Kf6 54.Rg6+ Kf7 55.Rc6 Rxb5 56.Rc7+ Kg8
57.Rxa7 Rb4 58.Rb7 Kh7 59.Rb8 Ra4 60.Rxb6 c4+ 61.Kc3 Kg8 62.Rb8+ Kh7 63.Rb6 Kg8
64.Rc6 Kh7 65.Kd4 Kg8 66.Kc5 c3 67.Kb6 Ra3 68.a7 Kh7 69.Rxc3 Rxc3 70.a8=Q Rg3
71.Qe8 Rg1 72.Kc5 Rc1+ 73.Kd4 Rd1+ 74.Kc3 Rd6 75.Qe4+ Kh8 76.Qe5 Rf6 77.Kd4 Kh7
78.Qg5 Kh8 79.Ke5 Kg8 80.Qg4 Kh8 81.Qc8+ Kh7 82.Qe8 Rb6 83.Kf5 Rf6+ 84.Kg5 Rh6
85.Qe4+ Kh8 86.Kf5 Rf6+ 87.Ke5 Rh6 88.Qa8+  1/2-1/2

[Event "Open"]
[Site "Geneva SUI"]
[Date "2005.01.30"]
[Round "9"]
[White "Epishin,V"]
[Black "Maze,S"]
[Result "1-0"]
[WhiteElo "2614"]
[BlackElo "2455"]

1.d4 Nf6 2.Nf3 e6 3.c4 Bb4+ 4.Bd2 Qe7 5.g3 O-O 6.Bg2 Bxd2+ 7.Qxd2 d6 8.Nc3 e5
9.O-O c6 10.e4 Re8 11.h3 Na6 12.Rfe1 Be6 13.b3 Rad8 14.Rad1 Qc7 15.a3 h6
16.Kh2 Qb6 17.Qc2 Qa5 18.Qb2 Nh7 19.Re2 f6 20.Red2 Qc7 21.Ne1 Ng5 22.Nc2 Bc8
23.Ne3 Ne6 24.d5 Nd4 25.b4 c5 26.Nb5 Qb6 27.bxc5 Nxc5 28.Nxd4 Qxb2 29.Rxb2 exd4
30.Rxd4 Re7 31.g4 Rde8 32.f3 g6 33.h4 Kg7 34.Bh3 g5 35.h5 Bd7 36.Bf1 b6 37.Kg3 Rb8
38.Be2 Kf7 39.Bd1 Ke8 40.Bc2 Kf7 41.Rb1 Kg7 42.Rf1 Bc8 43.Kf2 Bd7 44.Ke2 Ree8
45.Kd2 Rec8 46.Kc3 Re8 47.Rd2 Re7 48.Rdd1 Rbe8 49.Rb1 Rb8 50.Kd4 Ree8 51.Rb4 Rbc8
52.a4 Nb7 53.Bd3 Rc5 54.Ra1 Na5 55.Ra3 Kf7 56.Nf1 Ke7 57.Nd2 Rec8 58.Be2 Rg8
59.Rb1 Bc8 60.Rf1 Ba6 61.Rc3 Rgc8 62.f4 gxf4 63.Rxf4 R5c7 64.Rf2 Rf8 65.Nf3 Rfc8
66.Nh4 Bxc4 67.Nf5+ Kd7 68.Bxc4 Rxc4+ 69.Rxc4 Rxc4+ 70.Ke3 Rxa4 71.Nxh6 Nc4+
72.Kf4 Ne5 73.Kf5 Nd3 74.Rf1 Nc5 75.Ng8 Nxe4 76.Kg6 f5 77.h6 Ng3 78.Nf6+  1-0

[Event "10th HIT Open A"]
[Site "Nova Gorica SLO"]
[Date "2005.01.31"]
[Round "6"]
[White "Paschall,W"]
[Black "Jankovic,A"]
[Result "1-0"]
[WhiteElo "2403"]
[BlackElo "2477"]

1.d4 Nf6 2.c4 e6 3.Nf3 Bb4+ 4.Bd2 c5 5.Bxb4 cxb4 6.a3 bxa3 7.Rxa3 Na6 8.Nc3 O-O
9.e3 Nb4 10.Be2 b6 11.O-O Bb7 12.Ne1 Qe7 13.Bf3 Bxf3 14.Nxf3 a5 15.e4 d6
16.Re1 Rac8 17.Qe2 Nd7 18.Raa1 e5 19.Rad1 Qf6 20.Nb5 exd4 21.Rxd4 Rc6 22.Red1 Ne5
23.Nxd6 Nxf3+ 24.Qxf3 Qxf3 25.gxf3 g6 26.b3 Na6 27.Rd5 Nc7 28.R5d3 Rd8 29.e5 Rc5
30.f4 Ne6 31.Ne4 Rxd3 32.Rxd3 Rc8 33.Rd6 a4 34.Rxb6 axb3 35.Nd6 Ra8 36.Rxb3 Nxf4
37.h4 Ra1+ 38.Kh2 Ra7 39.c5 Ne6 40.c6 Ra2 41.Rb8+ Kg7 42.Ne8+ Kh6 43.c7 Nxc7
44.Nxc7 Rxf2+ 45.Kg3 Rc2 46.Nd5 Rc5 47.Nf6 Rc3+ 48.Kf4 Rc4+ 49.Ne4 Kg7 50.Rb7 Kf8
51.Ke3 Rc1 52.Ng5 Re1+ 53.Kd4  1-0

[Event "It"]
[Site "Chernigov UKR"]
[Date "2005.02.01"]
[Round "13"]
[White "Tuka,O"]
[Black "Mazurok,A"]
[Result "1/2-1/2"]
[WhiteElo "2297"]
[BlackElo "2427"]

1.d4 Nf6 2.c4 e6 3.Nf3 Bb4+ 4.Bd2 a5 5.g3 b6 6.Bg2 Bb7 7.O-O O-O 8.Bf4 Be7
9.Nc3 Ne4 10.Qc2 Nxc3 11.Qxc3 d6 12.Rfe1 Nd7 13.Qd3 c5 14.Ng5 Bxg5 15.Bxb7 Ra7
16.Be4 f5 17.Bxg5 Qxg5 18.Bg2 f4 19.Qd2 cxd4 20.Qxd4 fxg3 21.hxg3 Qf5 22.f4 e5
23.Qxd6 exf4 24.Rf1 Qg4 25.Rxf4 Rxf4 26.Qxf4 Qxe2 27.Bd5+ Kh8 28.Rf1 Qe7
29.Qf7 Nf6 30.Qxe7 Rxe7 31.Bg2 Re2 32.Rf2 Re1+ 33.Rf1 Re2 34.Rf2 Re1+ 35.Rf1  1/2-1/2

[Event "XII TCh-RUS 1st League"]
[Site "Smolensk RUS"]
[Date "2005.02.03"]
[Round "1"]
[White "Yevseev,D"]
[Black "Andreikin,D"]
[Result "0-1"]
[WhiteElo "2550"]
[BlackElo "2472"]

1.d4 Nf6 2.c4 e6 3.Nf3 Bb4+ 4.Bd2 Qe7 5.g3 O-O 6.Bg2 Bxd2+ 7.Qxd2 d6 8.Nc3 Nbd7
9.O-O e5 10.e4 Re8 11.Rac1 c5 12.dxc5 dxc5 13.Nd5 Nxd5 14.exd5 Qd6 15.Rfe1 Nf6
16.b4 b6 17.bxc5 bxc5 18.Qa5 Bf5 19.Nd2 Nd7 20.Re3 Rab8 21.Rb3 Rb6 22.Ra3 Nb8
23.Qxa7 Na6 24.Nb3 Nb4 25.Na5 Ra6 26.Qb7 Rb8 27.Qxb8+ Qxb8 28.Nc6 Qd6 29.Rxa6 Nxa6
30.Rc3 Nb4 31.Ra3 g6 32.h4 e4 33.Kh2 Kg7 34.Ra8 h5 35.a3 Nxc6 36.Ra6 Qb8
37.dxc6 Qb2  0-1

[Event "TCh-SWE Elitserien 2004-5"]
[Site "Sweden SWE"]
[Date "2005.02.05"]
[Round "7"]
[White "Barkhagen,J"]
[Black "Larsson,P"]
[Result "1/2-1/2"]
[WhiteElo "2461"]
[BlackElo "2353"]

1.d4 Nf6 2.c4 e6 3.Nf3 Bb4+ 4.Bd2 Qe7 5.g3 Nc6 6.Bg2 Bxd2+ 7.Nbxd2 d6 8.O-O a5
9.e4 e5 10.d5 Nb8 11.Ne1 O-O 12.Nd3 Na6 13.f4 Ng4 14.Qe2 f6 15.f5 Nh6 16.Rfc1 Bd7
17.b3 c6 18.a3 Rfc8 19.dxc6 bxc6 20.b4 Be8 21.Bf3 g6 22.g4 Nf7 23.Nf1 Rcb8
24.Ne3 axb4 25.axb4 Nc7 26.Qe1  1/2-1/2

[Event "FSGM February"]
[Site "Budapest HUN"]
[Date "2005.02.06"]
[Round "2"]
[White "Berczes,D"]
[Black "Thinius,M"]
[Result "1-0"]
[WhiteElo "2313"]
[BlackElo "2384"]

1.d4 Nf6 2.c4 e6 3.Nf3 Bb4+ 4.Bd2 a5 5.g3 d6 6.Bg2 Nbd7 7.O-O e5 8.Bg5 exd4
9.Nxd4 h6 10.Bc1 O-O 11.b3 Re8 12.Bb2 Ne5 13.Nc3 c6 14.Qc2 Bc5 15.Rad1 Qe7
16.Na4 Ba7 17.Rd2 Bd7 18.Nf5 Bxf5 19.Qxf5 Neg4 20.Qf3 Qe6 21.Bd4 Bxd4 22.Rxd4 h5
23.e3 Rad8 24.Rfd1 Qe7 25.Qe2 Nh6 26.Qd3 Nfg4 27.e4 f5 28.h3 Ne5 29.Qc2 fxe4
30.Bxe4 Qf6 31.Kg2 Nef7 32.Nc3 Re5 33.f4 Re7 34.Qf2 Rf8 35.Bb1 g6 36.Ne4 Qe6
37.Rxd6 Nxd6 38.Rxd6 Qf7 39.Ng5  1-0

[Event "5th It"]
[Site "Pulvermuehle GER"]
[Date "2005.02.06"]
[Round "3"]
[White "Balinov,I"]
[Black "Heinz,A"]
[Result "0-1"]
[WhiteElo "2372"]
[BlackElo "2317"]

1.d4 Nf6 2.c4 e6 3.Nf3 Bb4+ 4.Bd2 a5 5.Qc2 d5 6.a3 Be7 7.Nc3 O-O 8.e4 dxe4
9.Nxe4 Nbd7 10.Neg5 c5 11.Bd3 h6 12.h4 cxd4 13.O-O-O e5 14.g4 Ra6 15.Rdg1 Qc7
16.Kb1 Nc5 17.Bc1 Rb6 18.Nd2 Bd7 19.Nde4 Rc8 20.Nxc5 Qxc5 21.Rg3 Kf8 22.Qe2 hxg5
23.hxg5 Ng8 24.Rh8 g6 25.Rgh3 Bd6 26.f4 exf4 27.Rxg8+ Kxg8 28.Qh2 Be5 29.Rh7 Bg7
30.Bxf4 Re8 31.Ka2 Ba4 32.Bd2 Bb3+ 33.Ka1 Ba4 34.Bb1 Rb3  0-1